|
|
|
|
| LEADER |
00000cam a2200000 a 4500 |
| 001 |
vtls001152854 |
| 003 |
SK-MaSNL |
| 005 |
20260301063209.0 |
| 008 |
130620s1991 xr grnf 00100 cze |
| 020 |
|
|
|a 8085297116
|q (brož.)
|
| 035 |
|
|
|a SNK000095738
|
| 040 |
|
|
|a SNK
|b slo
|c SNK
|e AACR2
|
| 041 |
0 |
|
|a cze
|
| 044 |
|
|
|a xr
|c CZ
|
| 072 |
|
7 |
|a 004.4/.6
|x Programovanie. Softvér
|2 konspekt
|
| 072 |
|
7 |
|a 004.3
|x Počítače. Hardvér
|2 konspekt
|
| 080 |
|
|
|a 004.65
|2 2011
|
| 080 |
|
|
|a 004.42 Clipper
|2 2001
|
| 080 |
|
|
|a (035)
|2 2011
|
| 100 |
1 |
|
|a Pokorný, Jan
|4 aut
|9 280943
|
| 245 |
1 |
0 |
|a Vše o systému Clipper 5.0
|c Jan Pokorný
|
| 260 |
|
|
|a Praha
|b Plus
|c 1991
|
| 300 |
|
|
|a 299, xvi s.
|c 21 cm
|
| 500 |
|
|
|a Ochranné známky
|
| 504 |
|
|
|a Register funkcií
|
| 650 |
0 |
7 |
|a databázové systémy
|2 SNKPH
|9 1907
|
| 650 |
0 |
7 |
|a počítače
|2 SNKPH
|9 2027
|
| 650 |
0 |
7 |
|a softvér
|2 SNKPH
|9 1223
|
| 650 |
0 |
7 |
|a počítačové programovanie
|2 SNKPH
|9 1224
|
| 650 |
0 |
7 |
|a Clipper (databázový systém)
|2 SNKPH
|9 133587
|
| 655 |
|
7 |
|a príručky
|2 SNKPH
|9 74364
|
| 852 |
|
|
|a Slovenská národná knižnica
|
| 919 |
|
|
|a 80-85297-11-6
|
| 954 |
|
|
|a odborná, vedecká literatúra cudzojazyčná (svetová)
|2 lita
|
| 958 |
|
|
|a RK
|
| 958 |
|
|
|a TL
|
| 958 |
|
|
|a CZ
|
| 958 |
|
|
|a OND
|
| 958 |
|
|
|a NB
|
| 999 |
|
|
|c 623248
|d 625178
|
| 952 |
|
|
|t P60, <04>, [BOOK], {604}
|a SNK
|b SNK
|y VYP
|7 0
|p 17A0022816
|o snkIC 117972
|0 0
|1 0
|4 0
|d 1996-11-28
|l 0
|r 2005-01-01 00:00:00
|w 2026-02-23
|